LEADER 01093nam a2200277 i 4500 001 000000158401 003 CaOOAMICUS 005 20240409103046.0 008 070221s1972 it u000 u mul u 013 $a135764 040 $aSeMil$bita 100 1 $aDylan, Bob,$d<1941- >.$0(OLS)http://semarc/name/41411 245 10$aCanzoni d'amore e di protesta /$cBob Dylan ; A cura di Stefano Rizzo. 260 $aRoma :$bNewton Compton,$cCopyr. 1972. 300 $a223 p. ;$c20 cm. 490 0 $aPaperbacks poeti ;$v16 500 $aTesto inglese a fronte. 650 04$aDylan, Bob <1941- > - Opere.$0(OLS)http://semarc/subject/55496 700 1 $aRizzo, Stefano <1946->.$0(OLS)http://semarc/name/17499 830 0$aPaperbacks poeti ;$v16.$0(OLS)http://semarc/title/19441 850 $aSeMil 852 $aSeMil$W1$xVenegono$y1$m3Q II 48$j110052$B110052$CSeMilBibl$Z2$F123454 $81 961 $aOmaggio: Altro 996 $6245$aCanzoni d'amore e di protesta$9(OLS)http://semarc/title/139838 996 $6260$aRoma :$bNewton Compton$9(OLS)http://semarc/publisher/31452 LEADER 01344nam a2200277 i 4500 001 000000059116 003 CaOOAMICUS 005 20250710165253.0 008 041207s1995 it u000 u ita u 013 $a30288 040 $aSeMil$bita 100 1 $aAdria-Rovigo : Archivio della Curia Vescovile.$0(OLS)http://semarc/name/30173 245 10$aGuida inventario dell'Archivio :$bdella Curia Vescovile di Rovigo /$cDiocesi di Adria-Rovigo ; a cura di Francesca Bianchini ; Giacomo Prandini. 250 $aPro Manoscritto. 260 $a[S.l. :$bs.n.],$c1995$e(Fiesso Umbertiano (Ro) :$fNIKE KAI DIKE s.c.a.r.l.,$g1995) 300 $a421p., LIV ;$c21x29 cm. 650 4$aRovigo (Diocesi) - Archivio diocesano - Inventari.$0(OLS)http://semarc/subject/58162 650 4$aArchivi ecclesiastici - Inventari e regesti.$0(OLS)http://semarc/subject/747 700 1 $aPrandini, Giacomo.$0(OLS)http://semarc/name/30175 700 1 $aBianchini, Francesca.$0(OLS)http://semarc/name/30174 850 $aSeMil 852 $aSeMil$W1$xVenegono$y1$m3Y VI 24$j259553$B25269$CSeMilBibl$Z2$F25272 $81 961 $aOmaggio: Donazione 996 $6245$aGuida inventario dell'Archivio :$bdella Curia Vescovile di Rovigo$9(OLS)http://semarc/title/92320 996 $6260$a[S.l. :$bs.n.]$9(OLS)http://semarc/publisher/29751